La crueldad en las constituciones y en los convenios internacionales (Registro nro. 225307)
[ vista simple ]
| 000 -CABECERA | |
|---|---|
| campo de control de longitud fija | 02416nam a2200301 i 4500 |
| 001 - NÚMERO DE CONTROL | |
| campo de control | 225307 |
| 003 - IDENTIFICADOR DEL NÚMERO DE CONTROL | |
| campo de control | ES-MaBCM |
| 005 - FECHA Y HORA DE LA ÚLTIMA TRANSACCIÓN | |
| campo de control | 20240118084008.0 |
| 008 - CÓDIGOS DE INFORMACIÓN DE LONGITUD FIJA | |
| campo de control de longitud fija | 230922s2023 sp ||||| |||| 00| 0 spa d |
| 017 ## - NÚMERO DE COPYRIGHT O DE DEPÓSITO LEGAL | |
| Depósito legal | V.1019-2023 |
| 020 ## - NÚMERO INTERNACIONAL NORMALIZADO PARA LIBROS(ISBN) | |
| Número Internacional Normalizado para Libros (ISBN) | 978-84-1147-024-7 |
| 035 ## - NÚMERO DE CONTROL DEL SISTEMA | |
| Número de control de sistema | (OCoLC)1396684605 |
| 040 ## - FUENTE DE LA CATALOGACIÓN | |
| Centro transcriptor | ES-MaBCM |
| 245 03 - MENCIÓN DE TÍTULO | |
| Título | La crueldad en las constituciones y en los convenios internacionales |
| Mención de responsabilidad etc. | coordinadoras, Alicia GIl Gil, Ana Manero Salvador ; prólogo, Luis Arroyo Zapatero |
| 260 ## - PUBLICACIÓN, DISTRIBUCIÓN, ETC. (PIE DE IMPRENTA) | |
| Lugar de publicación distribución etc. | Valencia : |
| Nombre del editor distribuidor etc. | Tirant lo Blanch , |
| Fecha de publicación distribución etc. | 2023 |
| 300 ## - DESCRIPCIÓN FÍSICA | |
| Extensión | 268 p. |
| Otras características físicas | : graf. |
| Dimensiones | ; 22 cm |
| 490 0# - MENCIÓN DE SERIE | |
| Mención de serie | Abolición de la pena de muerte |
| 504 ## - NOTA DE BIBLIOGRAFÍA, ETC. | |
| Nota de bibliografía etc. | Incluye referencias bibliográficas. |
| 520 ## - SUMARIO, ETC. | |
| Sumario etc. | La concepción de la dignidad humana como un atributo jurídico de todos los seres humanos que los hace libres e iguales es fruto de una laboriosa construcción intelectual y política desde los viejos tiempos de la escuela de Salamanca. Pero van a ser los crímenes horrísonos vinculados a la Segunda Guerra Mundial, en especial el genocidio, el exterminio de razas y opciones políticas y la experimentación sobre los seres humanos lo que golpea las conciencias de los aliados que ganan la guerra cuando tienen que discutir el orden jurídico mundial nuevo. Ya en la Declaración Universal de los Derechos Humanos de 1948 y en las primeras Constituciones de postguerra, así como en las Convenciones europea y americana se consagra la dignidad humana y la proscripción de la tortura y de las penas y tratos crueles e inhumanos, instrumentada en la Convención contra ella de 1984. Su primer corolario fue la restricción de la pena de muerte seguida de su progresiva abolición o moratoria, pena que hoy se califica como pena cruel e inhumana, como auténtica tortura. Se puede proclamar así que hoy la prohibición de la pena capital es "ius cogens", sobre lo que se ha presentado por los autores de este libro en Berlín en noviembre de 2022 un Manifiesto que se muestra como colofón de este libro. |
| 650 #7 - PUNTO DE ACCESO ADICIONAL DE MATERIA--TÉRMINO DE MATERIA | |
| 9 (RLIN) | 59744 |
| Término de materia o nombre geográfico como elemento inicial | Pena de muerte |
| 650 #7 - PUNTO DE ACCESO ADICIONAL DE MATERIA--TÉRMINO DE MATERIA | |
| 9 (RLIN) | 58347 |
| Término de materia o nombre geográfico como elemento inicial | Derecho penal internacional |
| 650 #7 - PUNTO DE ACCESO ADICIONAL DE MATERIA--TÉRMINO DE MATERIA | |
| 9 (RLIN) | 58328 |
| Término de materia o nombre geográfico como elemento inicial | Derecho internacional humanitario |
| 700 1# - PUNTO DE ACCESO ADICIONAL--NOMBRE DE PERSONA | |
| 9 (RLIN) | 18729 |
| Nombre de persona | Gil Gil, Alicia |
| 700 1# - PUNTO DE ACCESO ADICIONAL--NOMBRE DE PERSONA | |
| 9 (RLIN) | 72250 |
| Nombre de persona | Manero Salvador, Ana |
| 700 1# - PUNTO DE ACCESO ADICIONAL--NOMBRE DE PERSONA | |
| 9 (RLIN) | 2496 |
| Nombre de persona | Arroyo Zapatero, Luis |
| 856 ## - LOCALIZACIÓN Y ACCESO ELECTRÓNICOS | |
| Identificador Uniforme del Recurso (URI) | https://mpr.bage.es/cgi-bin/koha/opac-retrieve-file.pl?id=7172976d5e390de29df2936ecd312858 |
| Texto de enlace | Acceso al índice |
| 942 ## - ELEMENTOS DE PUNTO DE ACCESO ADICIONAL (KOHA) | |
| Tipo de ítem Koha | Libros |
| Fuente del sistema de clasificación o colocación | Universal Decimal Classification |
| Estado de retiro | Estado de pérdida | Fuente del sistema de clasificación o colocación | Estado dañado | No para préstamo | Localización permanente | Ubicación/localización actual | Ubicación en estantería | Fecha de adquisición | Fuente de adquisición | Número de inventario | Número de registro | Total de préstamos | Signatura topográfica completa | Código de barras | Fecha visto por última vez | Precio válido a partir de | Tipo de ítem Koha |
|---|---|---|---|---|---|---|---|---|---|---|---|---|---|---|---|---|---|
| Universal Decimal Classification | Biblioteca Central del Ministerio de la Presidencia | Biblioteca Central del Ministerio de la Presidencia | Sala | 29/09/2023 | Compra | | | | | 62618 | 1075689 | 29/09/2023 | 29/09/2023 | Libros |
